Christianity and subaltern culture : (Record no. 992)
[ view plain ]
| 000 -LEADER | |
|---|---|
| fixed length control field | 01031cam a2200313I 4500 |
| 001 - CONTROL NUMBER | |
| control field | 649846 |
| 003 - CONTROL NUMBER IDENTIFIER | |
| control field | OSt |
| 005 - DATE AND TIME OF LATEST TRANSACTION | |
| control field | 20180903092053.0 |
| 008 - FIXED-LENGTH DATA ELEMENTS--GENERAL INFORMATION | |
| fixed length control field | 060702s2006 ii b 001 0 eng d |
| 020 ## - INTERNATIONAL STANDARD BOOK NUMBER | |
| International Standard Book Number | 8172149018 |
| 020 ## - INTERNATIONAL STANDARD BOOK NUMBER | |
| International Standard Book Number | 9788172149017 |
| 029 0# - OTHER SYSTEM CONTROL NUMBER (OCLC) | |
| OCLC library identifier | NLGGC |
| System control number | 296317241 |
| 035 ## - SYSTEM CONTROL NUMBER | |
| System control number | (OCoLC)ocm71652968 |
| 035 ## - SYSTEM CONTROL NUMBER | |
| System control number | (OCoLC)ocm71652968 |
| 035 ## - SYSTEM CONTROL NUMBER | |
| System control number | (OCoLC)71652968 |
| 040 ## - CATALOGING SOURCE | |
| Original cataloging agency | NLGGC |
| Description conventions | fobidrtb |
| Language of cataloging | dut |
| Transcribing agency | NLGGC |
| Modifying agency | BAN |
| -- | PTS |
| 049 ## - LOCAL HOLDINGS (OCLC) | |
| Holding library | PTSS |
| 082 ## - DEWEY DECIMAL CLASSIFICATION NUMBER | |
| Classification number | 275.41 |
| Item number | V259C |
| 090 ## - LOCALLY ASSIGNED LC-TYPE CALL NUMBER (OCLC); LOCAL CALL NUMBER (RLIN) | |
| Classification number (OCLC) (R) ; Classification number, CALL (RLIN) (NR) | BR1156.M59 |
| Local cutter number (OCLC) ; Book number/undivided call number, CALL (RLIN) | V35 2006 |
| 100 0# - MAIN ENTRY--PERSONAL NAME | |
| Personal name | Vanlalchhuanawma, |
| Dates associated with a name | 1952- |
| 245 10 - TITLE STATEMENT | |
| Title | Christianity and subaltern culture : |
| Remainder of title | revival movement as a cultural response to westernisation in Mizoram / |
| Statement of responsibility, etc. | Vanlalchhuanawma. |
| 260 ## - PUBLICATION, DISTRIBUTION, ETC. | |
| Place of publication, distribution, etc. | Delhi : |
| Name of publisher, distributor, etc. | ISPCK, |
| Date of publication, distribution, etc. | 2006. |
| 300 ## - PHYSICAL DESCRIPTION | |
| Extent | xiv, 494 p. ; |
| Dimensions | 24 cm. |
| 504 ## - BIBLIOGRAPHY, ETC. NOTE | |
| Bibliography, etc. note | Includes bibliographical references (p. [461]-486) and index. |
| 650 #0 - SUBJECT ADDED ENTRY--TOPICAL TERM | |
| Topical term or geographic name entry element | Christianity |
| Geographic subdivision | India |
| -- | Mizoram |
| General subdivision | History. |
| 650 #0 - SUBJECT ADDED ENTRY--TOPICAL TERM | |
| Topical term or geographic name entry element | Christianity and culture |
| Geographic subdivision | India |
| -- | Mizoram. |
| 650 #0 - SUBJECT ADDED ENTRY--TOPICAL TERM | |
| Topical term or geographic name entry element | Revivals |
| Geographic subdivision | India |
| -- | Mizoram |
| General subdivision | History. |
| 942 ## - ADDED ENTRY ELEMENTS (KOHA) | |
| Source of classification or shelving scheme | Dewey Decimal Classification |
| Koha item type | Books |
| Withdrawn status | Lost status | Source of classification or shelving scheme | Damaged status | Not for loan | Collection code | Home library | Current library | Shelving location | Date acquired | Cost, normal purchase price | Total Checkouts | Full call number | Barcode | Date last seen | Price effective from | Koha item type |
|---|---|---|---|---|---|---|---|---|---|---|---|---|---|---|---|---|
| Dewey Decimal Classification | Non-fiction | Harvest Mission College | Harvest Mission College | General Stacks | 03.09.2018 | 450.00 | 275.41 V259C | 002717 | 03.09.2018 | 03.09.2018 | Books |
